000 00459nam a2200181 i 4500
001 bg
100 1 _aLEHMANN, Hans Albrecht
245 0 _aIngenieurholzbau /
_cHans Albrecht Lehmann, Bruno J. Stolze.
260 _aStuttgart :
_bTeubner,
_c1975.
700 1 _aSTOLZE, Bruno J.
020 _a3519252236
040 _cBPK
041 _apol
080 _a624.01/.07
920 _a3-519-25223-6
942 _cKS
008 s pl f |000 0 pol
999 _c18415
_d18415
856 _uhttp://koha.tu.koszalin.pl/cgi-bin/koha/opac-detail.pl?biblionumber=18415
_yKatalog online BPK